La Constitución de los Estados Unidos estudiada en sus relaciones con la historia de Inglaterra y de sus colonias

Saved in:
Bibliographic Details
Main Author: Stevens, C. Ellis (Author)
Format: Book
Language:Spanish
Published: Madrid La España Moderna 1890
Series:Biblioteca de Jurisprudencia, Filosofía e Historia
Subjects:
Tags: Add Tag
No Tags, Be the first to tag this record!

MARC

LEADER 00000nam a2200000 a 4500
001 UCT9782
003 CL-VaPUC
008 970411e18900000SP |||||||||||||||||spa|d
082 0 4 |a 342.73  |b STE  |2 21 
100 0 |a Stevens, C. Ellis  |e author  |9 382792 
245 1 3 |a La Constitución de los Estados Unidos estudiada en sus relaciones con la historia de Inglaterra y de sus colonias 
300 |a 220 p 
942 |c BK 
945 |d 19970411 00:00:00  |a paguirre 
260 |a Madrid  |b La España Moderna  |c 1890 
650 0 |a Constituciones  |9 255417 
650 0 |a Derecho constitucional   |9 222588 
650 0 |a Historia constitucional  |9 256052 
650 0 |a Libertad individual  |9 352859 
650 0 |a Derechos civiles y políticos   |9 338684 
650 0 |a Poder legislativo  |9 258808 
650 0 |a Poder ejecutivo  |9 255177 
650 0 |a Poder judicial  |9 254871 
651 0 |a Estados Unidos  |9 255178 
583 |a last modification  |c 19970411 00:00:00  |k Rodrigo Vera 
490 0 |a Biblioteca de Jurisprudencia, Filosofía e Historia 
999 |c 258161  |d 258159 
952 |0 0  |1 0  |4 0  |6 342_730000000000000_STE_1890  |7 0  |8 X  |9 282010  |a BIBDER  |b BIBDER  |d 2019-11-19  |i 1830090  |o 342.73 STE 1890  |p 1830090  |r 2023-01-25  |w 2019-11-19  |y BK_X  |k DER